[Event "Meesterklasse; Amevo Apeldoorn - LSG"]
[Site "Bunschoten-Spakenburg, Netherlands"]
[Date "2023.04.22"]
[Round "1.2"]
[White "L'ami, Erwin"]
[Black "Van Der Werf, Mark"]
[Result "1-0"]
[WhiteElo "2649"]
[BlackElo "2402"]

1. d4 {[%clk 01:30:56]} {[%emt 00:00:03]} Nf6 {[%clk 01:30:55]} {[%emt
00:00:05]} 2. c4 {[%clk 01:30:33]} {[%emt 00:00:24]} e6 {[%clk 01:31:20]}
{[%emt 00:00:06]} 3. Nf3 {[%clk 01:31:23]} {[%emt 00:00:08]} c5 {[%clk
01:31:44]} {[%emt 00:00:06]} 4. d5 {[%clk 01:31:45]} {[%emt 00:00:08]} d6
{[%clk 01:32:07]} {[%emt 00:00:06]} 5. Nc3 {[%clk 01:31:13]} {[%emt 00:01:02]}
exd5 {[%clk 01:32:32]} {[%emt 00:00:06]} 6. cxd5 {[%clk 01:31:35]} {[%emt
00:00:08]} g6 {[%clk 01:32:56]} {[%emt 00:00:06]} 7. Nd2 {[%clk 01:31:10]}
{[%emt 00:00:55]} Nbd7 {[%clk 01:31:51]} {[%emt 00:01:35]} 8. e4 {[%clk
01:30:00]} {[%emt 00:01:40]} Bg7 {[%clk 01:32:12]} {[%emt 00:00:08]} 9. Be2
{[%clk 01:30:09]} {[%emt 00:00:21]} O-O {[%clk 01:32:35]} {[%emt 00:00:08]} 10.
O-O {[%clk 01:29:58]} {[%emt 00:00:40]} Re8 {[%clk 01:32:54]} {[%emt 00:00:11]}
11. a4 {[%clk 01:24:04]} {[%emt 00:06:25]} Ne5 {[%clk 01:33:01]} {[%emt
00:00:22]} 12. Ndb1 {[%clk 01:19:30]} {[%emt 00:05:04]} a6 {[%clk 01:22:43]}
{[%emt 00:10:48]} 13. f3 {[%clk 01:14:48]} {[%emt 00:05:11]} Rb8 {[%clk
01:19:48]} {[%emt 00:03:25]} 14. Na3 {[%clk 01:11:17]} {[%emt 00:04:01]} Qc7
{[%clk 01:12:12]} {[%emt 00:08:06]} 15. Be3 {[%clk 01:07:42]} {[%emt 00:04:05]}
Bd7 {[%clk 00:55:07]} {[%emt 00:17:35]} 16. Kh1 {[%clk 01:04:56]} {[%emt
00:03:15]} h6 {[%clk 00:50:23]} {[%emt 00:05:14]} 17. Qd2 {[%clk 00:56:25]}
{[%emt 00:09:02]} Kh7 {[%clk 00:49:01]} {[%emt 00:01:53]} 18. Rab1 {[%clk
00:54:28]} {[%emt 00:02:26]} Bxa4 {[%clk 00:37:22]} {[%emt 00:12:09]} 19. Nxa4
{[%clk 00:50:54]} {[%emt 00:04:04]} b5 {[%clk 00:37:40]} {[%emt 00:00:12]} 20.
Nxc5 {[%clk 00:43:53]} {[%emt 00:07:31]} dxc5 {[%clk 00:38:02]} {[%emt
00:00:08]} 21. Rfc1 {[%clk 00:42:14]} {[%emt 00:02:09]} c4 {[%clk 00:36:11]}
{[%emt 00:02:22]} 22. Nc2 {[%clk 00:38:14]} {[%emt 00:04:30]} Qb7 {[%clk
00:26:51]} {[%emt 00:09:49]} 23. Bd4 {[%clk 00:34:35]} {[%emt 00:04:10]} Ned7
{[%clk 00:23:33]} {[%emt 00:03:48]} 24. Nb4 {[%clk 00:31:54]} {[%emt 00:03:11]}
h5 {[%clk 00:22:10]} {[%emt 00:01:53]} 25. Re1 {[%clk 00:31:34]} {[%emt
00:00:50]} Rbc8 {[%clk 00:21:59]} {[%emt 00:00:40]} 26. Qc3 {[%clk 00:21:55]}
{[%emt 00:10:09]} h4 {[%clk 00:18:07]} {[%emt 00:04:23]} 27. Ra1 {[%clk
00:19:56]} {[%emt 00:02:29]} Ra8 {[%clk 00:16:58]} {[%emt 00:01:38]} 28. Nc6
{[%clk 00:18:52]} {[%emt 00:01:35]} Qc7 {[%clk 00:16:40]} {[%emt 00:00:48]} 29.
Bf1 {[%clk 00:14:48]} {[%emt 00:04:34]} Qf4 {[%clk 00:13:17]} {[%emt 00:03:52]}
30. Qe3 {[%clk 00:10:09]} {[%emt 00:05:09]} Nxd5 {[%clk 00:12:13]} {[%emt
00:01:34]} 31. Qf2 {[%clk 00:07:06]} {[%emt 00:03:33]} Bxd4 {[%clk 00:10:44]}
{[%emt 00:02:00]} 32. Nxd4 {[%clk 00:06:24]} {[%emt 00:01:12]} N5f6 {[%clk
00:10:52]} {[%emt 00:00:21]} 33. Ne2 {[%clk 00:06:26]} {[%emt 00:00:28]} Qg5
{[%clk 00:10:13]} {[%emt 00:01:08]} 34. Ng1 {[%clk 00:05:34]} {[%emt 00:01:24]}
Kg7 {[%clk 00:08:55]} {[%emt 00:01:47]} 35. Nh3 {[%clk 00:04:28]} {[%emt
00:01:37]} Qh5 {[%clk 00:08:32]} {[%emt 00:00:52]} 36. Rad1 {[%clk 00:03:33]}
{[%emt 00:01:26]} Ne5 {[%clk 00:07:13]} {[%emt 00:01:49]} 37. f4 {[%clk
00:01:55]} {[%emt 00:02:08]} Neg4 {[%clk 00:06:23]} {[%emt 00:01:20]} 38. Qf3
{[%clk 00:01:45]} {[%emt 00:00:40]} Kf8 {[%clk 00:01:32]} {[%emt 00:05:21]} 39.
e5 {[%clk 00:01:31]} {[%emt 00:00:45]} Ng8 {[%clk 00:01:46]} {[%emt 00:00:15]}
40. Ng5 {[%clk 00:01:17]} {[%emt 00:00:44]} N4h6 {[%clk 00:01:01]} {[%emt
00:01:14]} 41. Qa3+ {[%clk 00:28:52]} {[%emt 00:02:56]} Kg7 {[%clk 00:29:35]}
{[%emt 00:01:57]} 42. Be2 {[%clk 00:28:26]} {[%emt 00:00:55]} 1-0

[Event "Meesterklasse; Amevo Apeldoorn - LSG"]
[Site "Bunschoten-Spakenburg, Netherlands"]
[Date "2023.04.22"]
[Round "1.3"]
[White "Bosman, Michiel"]
[Black "Warmerdam, Max"]
[Result "0-1"]
[WhiteElo "2374"]
[BlackElo "2605"]

1. d4 {[%clk 01:30:42]} {[%emt 00:00:17]} d5 {[%clk 01:30:31]} {[%emt
00:00:29]} 2. c4 {[%clk 01:30:05]} {[%emt 00:01:07]} e6 {[%clk 01:30:55]}
{[%emt 00:00:06]} 3. Nf3 {[%clk 01:30:08]} {[%emt 00:00:28]} Nf6 {[%clk
01:31:17]} {[%emt 00:00:07]} 4. g3 {[%clk 01:30:24]} {[%emt 00:00:15]} Bb4+
{[%clk 01:31:25]} {[%emt 00:00:21]} 5. Bd2 {[%clk 01:30:00]} {[%emt 00:00:54]}
Be7 {[%clk 01:31:25]} {[%emt 00:00:29]} 6. Bg2 {[%clk 01:30:26]} {[%emt
00:00:05]} O-O {[%clk 01:31:49]} {[%emt 00:00:06]} 7. O-O {[%clk 01:27:06]}
{[%emt 00:03:49]} Nbd7 {[%clk 01:32:15]} {[%emt 00:00:05]} 8. Qc2 {[%clk
01:25:58]} {[%emt 00:01:39]} c6 {[%clk 01:32:29]} {[%emt 00:00:16]} 9. Bf4
{[%clk 01:25:51]} {[%emt 00:00:37]} a5 {[%clk 01:31:55]} {[%emt 00:01:03]} 10.
Rd1 {[%clk 01:02:30]} {[%emt 00:23:52]} a4 {[%clk 01:31:59]} {[%emt 00:00:26]}
11. Na3 {[%clk 00:57:19]} {[%emt 00:05:41]} Ne4 {[%clk 01:19:44]} {[%emt
00:12:44]} 12. Nd2 {[%clk 00:55:33]} {[%emt 00:02:17]} g5 {[%clk 00:59:42]}
{[%emt 00:20:32]} 13. Be3 {[%clk 00:53:11]} {[%emt 00:02:52]} Nd6 {[%clk
00:55:46]} {[%emt 00:04:26]} 14. f3 {[%clk 00:43:21]} {[%emt 00:10:21]} b5
{[%clk 00:51:15]} {[%emt 00:05:01]} 15. c5 {[%clk 00:38:14]} {[%emt 00:05:38]}
Nf5 {[%clk 00:50:02]} {[%emt 00:01:43]} 16. Bf2 {[%clk 00:38:42]} {[%emt
00:00:01]} b4 {[%clk 00:47:16]} {[%emt 00:03:16]} 17. Nab1 {[%clk 00:38:44]}
{[%emt 00:00:28]} Bf6 {[%clk 00:47:21]} {[%emt 00:00:25]} 18. Nf1 {[%clk
00:37:03]} {[%emt 00:02:11]} Ne7 {[%emt 00:01:44]} 19. a3 {[%clk 00:32:46]}
{[%emt 00:04:48]} b3 {[%clk 00:43:57]} {[%emt 00:02:39]} 20. Qd2 {[%clk
00:31:09]} {[%emt 00:02:06]} e5 {[%clk 00:42:35]} {[%emt 00:01:53]} 21. e3
{[%clk 00:31:22]} {[%emt 00:00:17]} Bg7 {[%clk 00:36:53]} {[%emt 00:06:12]} 22.
Nc3 {[%clk 00:29:35]} {[%emt 00:02:17]} f5 {[%clk 00:35:12]} {[%emt 00:02:11]}
23. Rac1 {[%clk 00:18:59]} {[%emt 00:11:06]} exd4 {[%clk 00:21:35]} {[%emt
00:14:07]} 24. exd4 {[%clk 00:19:17]} {[%emt 00:00:12]} f4 {[%clk 00:22:01]}
{[%emt 00:00:04]} 25. g4 {[%clk 00:12:46]} {[%emt 00:07:02]} Ng6 {[%clk
00:21:16]} {[%emt 00:01:15]} 26. h3 {[%clk 00:12:22]} {[%emt 00:00:54]} Rf7
{[%clk 00:21:21]} {[%emt 00:00:25]} 27. Nh2 {[%clk 00:12:33]} {[%emt 00:00:19]}
Ndf8 {[%clk 00:21:33]} {[%emt 00:00:17]} 28. Re1 {[%clk 00:12:49]} {[%emt
00:00:14]} Ne6 {[%clk 00:21:30]} {[%emt 00:00:34]} 29. Rcd1 {[%clk 00:11:06]}
{[%emt 00:02:13]} Qf6 {[%clk 00:21:28]} {[%emt 00:00:32]} 30. Bf1 {[%clk
00:09:56]} {[%emt 00:01:41]} Re7 {[%clk 00:18:35]} {[%emt 00:03:24]} 31. Qd3
{[%clk 00:04:03]} {[%emt 00:06:23]} Qf7 {[%clk 00:18:00]} {[%emt 00:01:05]} 32.
Rd2 {[%clk 00:03:52]} {[%emt 00:00:40]} Bf6 {[%clk 00:16:47]} {[%emt 00:01:43]}
33. Qb1 {[%clk 00:04:01]} {[%emt 00:00:21]} Qg7 {[%clk 00:16:17]} {[%emt
00:01:00]} 34. Qd1 {[%clk 00:02:40]} {[%emt 00:01:51]} Bd7 {[%clk 00:16:09]}
{[%emt 00:00:38]} 35. Kh1 {[%clk 00:03:01]} {[%emt 00:00:10]} Ngf8 {[%clk
00:15:09]} {[%emt 00:01:29]} 36. Kg2 {[%clk 00:01:54]} {[%emt 00:01:38]} Be8
{[%clk 00:14:33]} {[%emt 00:01:05]} 37. Kh1 {[%clk 00:01:36]} {[%emt 00:00:48]}
Bf7 {[%clk 00:11:48]} {[%emt 00:03:15]} 38. Kg2 {[%clk 00:02:00]} {[%emt
00:00:07]} Kh8 {[%clk 00:05:59]} {[%emt 00:06:18]} 39. Kh1 {[%clk 00:01:37]}
{[%emt 00:00:53]} h6 {[%clk 00:06:04]} {[%emt 00:00:26]} 40. Kg2 {[%clk
00:02:03]} {[%emt 00:00:04]} Bg8 {[%clk 00:05:48]} {[%emt 00:00:46]} 41. Kh1
{[%clk 00:28:13]} {[%emt 00:04:20]} Ree8 {[%clk 00:26:09]} {[%emt 00:10:09]} 42.
Kg2 {[%clk 00:28:11]} {[%emt 00:00:32]} Qa7 {[%clk 00:26:09]} {[%emt 00:00:29]}
43. Qb1 {[%clk 00:24:05]} {[%emt 00:04:36]} Re7 {[%clk 00:25:28]} {[%emt
00:01:11]} 44. Red1 {[%clk 00:23:48]} {[%emt 00:00:47]} Rae8 {[%clk 00:25:46]}
{[%emt 00:00:12]} 45. Re1 {[%clk 00:16:52]} {[%emt 00:07:26]} Kg7 {[%clk
00:24:26]} {[%emt 00:01:50]} 46. Qd1 {[%clk 00:16:31]} {[%emt 00:00:51]} Bf7
{[%clk 00:22:29]} {[%emt 00:02:27]} 47. Kh1 {[%clk 00:16:51]} {[%emt 00:00:10]}
Kg8 {[%clk 00:21:08]} {[%emt 00:01:51]} 48. Kg2 {[%clk 00:17:17]} {[%emt
00:00:04]} Kg7 {[%clk 00:14:25]} {[%emt 00:07:13]} 49. Kh1 {[%clk 00:17:34]}
{[%emt 00:00:12]} Bg8 {[%clk 00:14:50]} {[%emt 00:00:05]} 50. Kg2 {[%clk
00:18:00]} {[%emt 00:00:04]} Ng6 {[%clk 00:15:02]} {[%emt 00:00:17]} 51. Kh1
{[%clk 00:18:24]} {[%emt 00:00:06]} Nh8 {[%clk 00:14:53]} {[%emt 00:00:39]} 52.
Qb1 {[%clk 00:13:04]} {[%emt 00:05:50]} Nf7 {[%clk 00:15:13]} {[%emt 00:00:11]}
53. Qd1 {[%clk 00:08:10]} {[%emt 00:05:24]} Nfd8 {[%clk 00:15:25]} {[%emt
00:00:17]} 54. Kg2 {[%clk 00:06:46]} {[%emt 00:01:54]} Nb7 {[%clk 00:15:42]}
{[%emt 00:00:12]} 55. Kh1 {[%clk 00:06:55]} {[%emt 00:00:21]} Kh8 {[%clk
00:13:37]} {[%emt 00:02:35]} 56. Kg2 {[%clk 00:07:22]} {[%emt 00:00:04]} Kg7
{[%clk 00:12:42]} {[%emt 00:01:25]} 57. Kh1 {[%clk 00:07:49]} {[%emt 00:00:03]}
Bh7 {[%clk 00:12:39]} {[%emt 00:00:33]} 58. Bd3 {[%clk 00:06:16]} {[%emt
00:02:03]} Bxd3 {[%clk 00:13:02]} {[%emt 00:00:07]} 59. Rxd3 {[%clk 00:06:45]}
{[%emt 00:00:01]} Qa6 {[%clk 00:13:22]} {[%emt 00:00:10]} 60. Re2 {[%clk
00:05:53]} {[%emt 00:01:22]} Kf8 {[%clk 00:12:50]} {[%emt 00:01:02]} 61. Kg2
{[%clk 00:06:00]} {[%emt 00:00:23]} Qc4 {[%clk 00:11:23]} {[%emt 00:01:54]} 62.
Nf1 {[%clk 00:04:09]} {[%emt 00:02:23]} Na5 {[%clk 00:10:42]} {[%emt 00:01:11]}
63. Re1 {[%clk 00:03:21]} {[%emt 00:01:18]} Nc7 {[%clk 00:08:08]} {[%emt
00:03:03]} 64. Rxe7 {[%clk 00:03:18]} {[%emt 00:00:34]} Rxe7 {[%clk 00:08:33]}
{[%emt 00:00:04]} 65. Rd2 {[%clk 00:02:05]} {[%emt 00:01:43]} Nb5 {[%clk
00:08:21]} {[%emt 00:00:42]} 66. Ne2 {[%clk 00:00:47]} {[%emt 00:01:48]} Ke8
{[%emt 00:00:10]} 67. Nh2 {[%clk 00:00:52]} {[%emt 00:00:26]} Kd8 {[%clk
00:08:18]} {[%emt 00:00:51]} 68. Nf1 {[%clk 00:01:10]} {[%emt 00:00:13]} Kc7
{[%clk 00:08:43]} {[%emt 00:00:05]} 69. Nh2 {[%clk 00:00:51]} {[%emt 00:00:50]}
Nb7 {[%clk 00:05:17]} {[%emt 00:03:55]} 70. Nf1 {[%clk 00:01:10]} {[%emt
00:00:12]} Nd8 {[%clk 00:05:31]} {[%emt 00:00:16]} 71. Kg1 {[%clk 00:01:13]}
{[%emt 00:00:28]} Ne6 {[%clk 00:05:38]} {[%emt 00:00:22]} 72. Kg2 {[%clk
00:01:15]} {[%emt 00:00:28]} Kc8 {[%clk 00:04:25]} {[%emt 00:01:43]} 73. Bg1
{[%clk 00:01:06]} {[%emt 00:00:39]} Kb7 {[%clk 00:04:41]} {[%emt 00:00:13]} 74.
Bf2 {[%clk 00:01:33]} {[%emt 00:00:04]} Nf8 {[%clk 00:05:07]} {[%emt 00:00:04]}
75. Kg1 {[%clk 00:01:43]} {[%emt 00:00:20]} Ng6 {[%clk 00:05:17]} {[%emt
00:00:19]} 76. Nh2 {[%clk 00:02:00]} {[%emt 00:00:14]} Re3 {[%clk 00:05:08]}
{[%emt 00:00:38]} 77. Kg2 {[%clk 00:00:51]} {[%emt 00:01:39]} Nh4+ {[%clk
00:03:32]} {[%emt 00:02:06]} 78. Bxh4 {[%clk 00:01:14]} {[%emt 00:00:08]} gxh4
{[%clk 00:04:00]} {[%emt 00:00:01]} 79. Nf1 {[%clk 00:01:30]} {[%emt 00:00:13]}
Rxe2+ {[%clk 00:04:12]} {[%emt 00:00:19]} 80. Rxe2 {[%clk 00:00:51]} {[%emt
00:01:09]} Nxd4 {[%clk 00:04:37]} {[%emt 00:00:05]} 81. Rd2 {[%clk 00:00:38]}
{[%emt 00:00:43]} Nc2 {[%clk 00:05:01]} {[%emt 00:00:05]} 82. Re2 {[%clk
00:00:57]} {[%emt 00:00:12]} Bxb2 {[%clk 00:04:47]} {[%emt 00:00:44]} 83. Re7+
{[%clk 00:01:04]} {[%emt 00:00:23]} Ka6 {[%clk 00:05:11]} {[%emt 00:00:06]} 84.
Re6 {[%clk 00:01:12]} {[%emt 00:00:23]} Nd4 {[%clk 00:05:26]} {[%emt 00:00:15]}
85. Rxh6 {[%emt 00:00:42]} Qc2+ {[%clk 00:05:51]} {[%emt 00:00:04]} 0-1

[Event "Meesterklasse; Amevo Apeldoorn - LSG"]
[Site "Bunschoten-Spakenburg, Netherlands"]
[Date "2023.04.22"]
[Round "1.4"]
[White "Fier, Alexandr"]
[Black "De Jong, Jan-Willem"]
[Result "1-0"]
[WhiteElo "2599"]
[BlackElo "2411"]

1. e4 {[%clk 01:30:57]} {[%emt 00:00:01]} e5 {[%clk 01:30:54]} {[%emt
00:00:07]} 2. Nf3 {[%clk 01:31:23]} {[%emt 00:00:04]} Nc6 {[%clk 01:31:19]}
{[%emt 00:00:06]} 3. Bc4 {[%clk 01:31:48]} {[%emt 00:00:04]} Nf6 {[%clk
01:31:25]} {[%emt 00:00:24]} 4. d3 {[%clk 01:32:12]} {[%emt 00:00:06]} d5
{[%clk 01:31:14]} {[%emt 00:00:41]} 5. exd5 {[%clk 01:32:33]} {[%emt 00:00:09]}
Nxd5 {[%clk 01:31:39]} {[%emt 00:00:05]} 6. O-O {[%clk 01:31:26]} {[%emt
00:01:37]} Be7 {[%clk 01:31:55]} {[%emt 00:00:14]} 7. Re1 {[%clk 01:27:11]}
{[%emt 00:04:46]} f6 {[%clk 01:31:11]} {[%emt 00:01:14]} 8. d4 {[%clk
01:14:27]} {[%emt 00:13:14]} Nb6 {[%clk 01:31:15]} {[%emt 00:00:27]} 9. Bb3
{[%clk 01:14:53]} {[%emt 00:00:04]} Nxd4 {[%clk 01:31:23]} {[%emt 00:00:22]} 10.
Nxd4 {[%clk 01:15:20]} {[%emt 00:00:03]} Qxd4 {[%clk 01:31:47]} {[%emt
00:00:06]} 11. Qxd4 {[%clk 01:15:47]} {[%emt 00:00:02]} exd4 {[%clk 01:32:08]}
{[%emt 00:00:08]} 12. Bf4 {[%clk 01:16:15]} {[%emt 00:00:03]} Bf5 {[%clk
01:32:28]} {[%emt 00:00:10]} 13. Bxc7 {[%clk 01:16:40]} {[%emt 00:00:05]} Kd7
{[%clk 01:32:51]} {[%emt 00:00:07]} 14. Bxb6 {[%clk 01:15:51]} {[%emt
00:01:19]} axb6 {[%clk 01:33:08]} {[%emt 00:00:13]} 15. Nd2 {[%clk 01:16:18]}
{[%emt 00:00:03]} Bc5 {[%clk 01:14:29]} {[%emt 00:19:08]} 16. Nf3 {[%clk
01:12:02]} {[%emt 00:04:45]} Bg4 {[%clk 01:06:28]} {[%emt 00:08:31]} 17. Re4
{[%clk 01:06:36]} {[%emt 00:05:56]} Bxf3 {[%clk 01:02:20]} {[%emt 00:04:39]} 18.
gxf3 {[%clk 01:07:01]} {[%emt 00:00:06]} Rhe8 {[%clk 00:41:08]} {[%emt
00:21:41]} 19. Rae1 {[%clk 01:05:24]} {[%emt 00:02:07]} Rxe4 {[%clk 00:32:50]}
{[%emt 00:08:49]} 20. fxe4 {[%clk 01:05:28]} {[%emt 00:00:26]} Kd6 {[%clk
00:32:42]} {[%emt 00:00:37]} 21. Kg2 {[%clk 01:02:47]} {[%emt 00:03:10]} Re8
{[%clk 00:26:42]} {[%emt 00:06:30]} 22. f4 {[%clk 01:00:25]} {[%emt 00:02:52]}
g5 {[%clk 00:24:26]} {[%emt 00:02:46]} 23. Kf3 {[%clk 00:57:25]} {[%emt
00:03:30]} gxf4 {[%clk 00:18:48]} {[%emt 00:06:09]} 24. Kxf4 {[%clk 00:57:04]}
{[%emt 00:00:50]} Re5 {[%clk 00:18:03]} {[%emt 00:01:15]} 25. Rg1 {[%clk
00:57:24]} {[%emt 00:00:10]} Rh5 {[%clk 00:16:52]} {[%emt 00:01:41]} 26. Rg2
{[%clk 00:54:53]} {[%emt 00:03:01]} Rh3 {[%clk 00:11:59]} {[%emt 00:05:24]} 27.
Bc4 {[%clk 00:54:48]} {[%emt 00:00:35]} Bb4 {[%clk 00:04:52]} {[%emt 00:07:37]}
28. a3 {[%clk 00:46:29]} {[%emt 00:08:49]} Be1 {[%clk 00:05:17]} {[%emt
00:00:06]} 29. Re2 {[%clk 00:46:57]} {[%emt 00:00:02]} Re3 {[%clk 00:05:04]}
{[%emt 00:00:42]} 30. Rxe3 {[%clk 00:47:23]} {[%emt 00:00:04]} dxe3 {[%clk
00:03:07]} {[%emt 00:02:28]} 31. Kxe3 {[%clk 00:47:49]} {[%emt 00:00:04]} Ke5
{[%clk 00:02:09]} {[%emt 00:01:28]} 32. Bd5 {[%clk 00:46:05]} {[%emt 00:02:14]}
f5 {[%clk 00:02:13]} {[%emt 00:00:27]} 33. Bxb7 {[%clk 00:46:32]} {[%emt
00:00:03]} fxe4 {[%clk 00:02:37]} {[%emt 00:00:06]} 34. Bxe4 {[%clk 00:46:58]}
{[%emt 00:00:03]} h6 {[%clk 00:03:00]} {[%emt 00:00:07]} 35. Kd3 {[%clk
00:47:07]} {[%emt 00:00:20]} Bh4 {[%clk 00:01:44]} {[%emt 00:01:46]} 36. Bb7
{[%clk 00:46:21]} {[%emt 00:01:16]} Kd6 {[%clk 00:00:53]} {[%emt 00:01:21]} 37.
Kc4 {[%clk 00:46:46]} {[%emt 00:00:05]} Bf6 {[%clk 00:00:36]} {[%emt 00:00:47]}
38. b4 {[%clk 00:47:10]} {[%emt 00:00:06]} Kc7 {[%clk 00:00:41]} {[%emt
00:00:26]} 39. Bf3 {[%clk 00:47:36]} {[%emt 00:00:04]} Be5 {[%clk 00:00:38]}
{[%emt 00:00:33]} 40. h4 {[%clk 00:47:56]} {[%emt 00:00:09]} h5 {[%clk
00:01:00]} {[%emt 00:00:08]} 41. Kb5 {[%clk 00:42:59]} {[%emt 00:05:27]} Bg3
{[%clk 00:01:00]} {[%emt 00:00:30]} 42. a4 {[%clk 00:40:13]} {[%emt 00:03:16]}
Bxh4 {[%clk 00:01:25]} {[%emt 00:00:05]} 43. Bxh5 {[%clk 00:40:41]} {[%emt
00:00:03]} Bd8 {[%clk 00:05:14]} {[%emt 00:26:41]} 44. a5 {[%clk 01:07:02]}
{[%emt 00:04:09]} bxa5 {[%clk 00:05:12]} {[%emt 00:00:31]} 45. Kxa5 {[%clk
01:07:28]} {[%emt 00:00:04]} Kc6+ {[%clk 00:04:32]} {[%emt 00:01:10]} 46. Ka6
{[%clk 01:07:20]} {[%emt 00:00:38]} Kd5 {[%clk 00:02:41]} {[%emt 00:02:21]} 47.
Bf7+ {[%clk 01:07:43]} {[%emt 00:00:07]} Kc6 {[%clk 00:02:23]} {[%emt
00:00:49]} 48. c4 {[%clk 01:07:21]} {[%emt 00:00:52]} Be7 {[%clk 00:01:52]}
{[%emt 00:01:00]} 49. Be8 {[%clk 01:05:02]} {[%emt 00:02:49]} Kc7 {[%clk
00:02:06]} {[%emt 00:00:17]} 50. c5 {[%clk 01:05:27]} {[%emt 00:00:06]} Bf8
{[%clk 00:01:50]} {[%emt 00:00:46]} 51. Kb5 {[%clk 01:05:52]} {[%emt 00:00:05]}
Bh6 {[%clk 00:00:58]} {[%emt 00:01:22]} 52. Kc4 {[%clk 01:06:17]} {[%emt
00:00:04]} Kd8 {[%clk 00:00:51]} {[%emt 00:00:37]} 53. Bh5 {[%clk 01:06:43]}
{[%emt 00:00:04]} Kc7 {[%clk 00:00:49]} {[%emt 00:00:33]} 54. b5 {[%clk
01:07:09]} {[%emt 00:00:04]} Be3 {[%clk 00:00:54]} {[%emt 00:00:25]} 55. b6+
{[%clk 01:07:24]} {[%emt 00:00:15]} Kb7 {[%clk 00:00:31]} {[%emt 00:00:53]} 56.
Kb5 {[%clk 01:07:48]} {[%emt 00:00:06]} Kb8 {[%clk 00:00:50]} {[%emt 00:00:11]}
57. c6 {[%clk 01:08:11]} {[%emt 00:00:07]} Bf4 {[%clk 00:01:11]} {[%emt
00:00:09]} 58. Bg4 {[%clk 01:08:30]} {[%emt 00:00:10]} Bg3 {[%clk 00:01:29]}
{[%emt 00:00:13]} 59. Kc4 {[%clk 01:08:56]} {[%emt 00:00:05]} Bf4 {[%clk
00:01:05]} {[%emt 00:00:54]} 60. Kd5 {[%clk 01:09:20]} {[%emt 00:00:05]} Bg3
{[%clk 00:01:22]} {[%emt 00:00:14]} 61. Ke6 {[%clk 01:09:42]} {[%emt 00:00:07]}
Kc8 {[%clk 00:01:05]} {[%emt 00:00:47]} 62. Ke7+ {[%clk 01:10:07]} {[%emt
00:00:05]} Kb8 {[%clk 00:01:32]} {[%emt 00:00:03]} 63. Kd7 {[%clk 01:10:32]}
{[%emt 00:00:05]} 1-0